Dusty. Kamarádi navždy /
Když si Pavel jednoho dne vyrazil sám na kole, počíhala si na něj banda výrostků. Chtěli po něm peníze a Pavlovi bylo jasné, že proti nim nemá šanci. Ale v tom se po jeho boku objevil zdivočelý pes a přiměl těch pět chuligánů k útěku. Od té chvíle se už od chlapce nevzdálil. Pavel přesně vycítil, že...
Uloženo v:
| Série: | Dusty,
část 1 |
|---|---|
| Hlavní autor: | |
| Další autoři: | |
| Médium: | E-kniha |
| Jazyk: | Czech |
| Vydáno: |
Brno :
CPress,
2017
|
| Vydání: | 1. vydání |
| Témata: | |
| Příbuzné jednotky: | Z cyklu::
Dusty |
| Tagy: |
Žádné tagy |
| LEADER | 02661nam a2200529 i 4500 | ||
|---|---|---|---|
| 001 | 310859 | ||
| 003 | CZ PrSKC | ||
| 005 | 20260601215655.0 | ||
| 007 | ta | ||
| 008 | 171124s2017 xr a c 000 j cze | ||
| 015 | |a cnb002956850 | ||
| 020 | |a 9788026416951 |q (vázáno) : |c Kč 229,00 | ||
| 035 | |a (OCoLC)1019660430 | ||
| 040 | |a BOA001 |b cze |e rda | ||
| 041 | 1 | |a cze |h ger | |
| 072 | 7 | |a 821.112.2-3 |x Německá próza, německy psaná |2 Konspekt | |
| 072 | 7 | |a 821-93 |x Literatura pro děti a mládež (beletrie) |2 Konspekt | |
| 080 | |a 821.112.2-32 |2 MRF | ||
| 080 | |a 821-93 |2 MRF | ||
| 080 | |a (0:82-32) |2 MRF | ||
| 100 | 1 | |a Andersen, Jan, |d 1956- |7 xx0219469 |4 aut | |
| 240 | 1 | 0 | |a Dusty - Freunde fürs Leben. |l Česky |
| 245 | 1 | 0 | |a Dusty. |p Kamarádi navždy / |c Jan Andersen ; překlad: Barbora Krupičková |
| 246 | 3 | 0 | |a Kamarádi navždy |
| 250 | |a 1. vydání | ||
| 264 | 1 | |a Brno : |b CPress, |c 2017 | |
| 300 | |a 198 stran : |b ilustrace ; |c 22 cm | ||
| 336 | |a text |b txt |2 rdacontent | ||
| 337 | |a bez média |b n |2 rdamedia | ||
| 338 | |a svazek |b nc |2 rdacarrier | ||
| 500 | |a Přeloženo z němčiny | ||
| 500 | |a Dotisk v roce 2021 | ||
| 520 | 2 | |a Když si Pavel jednoho dne vyrazil sám na kole, počíhala si na něj banda výrostků. Chtěli po něm peníze a Pavlovi bylo jasné, že proti nim nemá šanci. Ale v tom se po jeho boku objevil zdivočelý pes a přiměl těch pět chuligánů k útěku. Od té chvíle se už od chlapce nevzdálil. Pavel přesně vycítil, že Dusty něco hledá. Ale co? A proč mu lidé říkají "pes zabiják"? Krok za krokem Pavel odhaluje děsivé tajemství. Je si jist, že Dusty je nevinný. Bude to ale možné dokázat? Nakladatelská anotace. | |
| 520 | 2 | |a První ze série napínavých příběhů o psovi Dustym. Pro starší děti. | |
| 521 | 8 | |a Pro děti od 9 let | |
| 655 | 7 | |a německy psané příběhy |7 fd132936 |2 czenas | |
| 655 | 7 | |a publikace pro děti |7 fd133156 |2 czenas | |
| 655 | 9 | |a stories in German |2 eczenas | |
| 655 | 9 | |a children's literature |2 eczenas | |
| 700 | 1 | |a Krupičková, Barbora |7 jo20191060348 |4 trl | |
| 787 | 0 | 8 | |i Z cyklu: |t Dusty |g 1 |
| 900 | |a ABA001 |b 21 | ||
| 928 | 9 | |a Albatros Media - CPress | |
| 044 | |a xr | ||
| 910 | |a RBIT002 | ||
| 998 | |d 177204 |a https://core.palmknihy.cz/api/books/177204/cover?p1b3q3 |b https://core.palmknihy.cz/api/books/177204/cover/400?p1b3q3 |c https://core.palmknihy.cz/api/books/177204/cover/50?p1b3q3 |e 2027-01-16 |g 200 |i 9788026416951 |j https://core.palmknihy.cz/api/books/177204/preview.epub |k https://core.palmknihy.cz/api/books/177204/preview.pdf |l |q 49 |r 1 |s https://www.palmknihy.cz/kniha/177204 |t ebook |y 2017 |z 0 |v Dusty |w 1 | ||
| 999 | |d 310857 | ||